00601nam a2200205Ia 4500008004100000020001800041020001800059040001800077041000800095100002100103245007300124260004200197300001800239504003800257650002200295650001300317650001900330650002500349700002100374130821s1989 enk gr eng  a9780262081825 a9780262580984 aCo-BoUCMbspa00aeng1 aHelpman, Elhanan10aTrade policy and Market structurecElhanan Helpman, Paul R. Krugman. aLondres (Inglaterra)bMIT pressc1989 a191 páginas aIncluye índice y bibliografía04aComercio exterior04aComercio04aLibre comercio04aPolítica comercial1 aKrugman, Paul R.